000 01075nam a22002537a 4500
999 _c65140
_d65140
005 20240530110809.0
008 190115s2009 ua a g 000 0 ara d
017 _a2009/17927
_bمصر. دار الكتب
020 _a9789774795759
040 _aEG-CaGPL
_cEG-CaGPL
082 0 4 _221
_a792.0946 /
_bآ ب
100 1 _aازيك ، اورسولا
245 1 0 _aبين الازمة والطليعة :
_bدراسات عن المسرح الاسبانى فى القرن العشرين /
_cتأليف اورسولا ازيك ؛ ترجمة طلعت شاهين ؛ مراجعة رضا غالب
250 _aط.1
260 _aالقاهرة :
_bوزارة الثقافة : مهرجان القاهرة الدولى للمسرح التجريبى،
_c2009.
300 _a359 ص. :
_bايض ؛
_c24 سم.
650 0 7 _2qrmak
_aالمسرح
650 0 7 _aالمسرح الاسبانى
_2qrmak
651 _2qrmak
700 0 _aطلعت شاهين
_eمترجم
700 0 _aرضا غالب
_eمراجع
942 _2ddc
_cBK